000 00438nab a2200145Ia 4500
003 ES-SlBCS
005 20210601125210.0
008 140529s1990 xxu||||| |||| 00| 0 eng d
041 _aeng
100 1 _aCascardi, Anthony J.
_951031
245 0 0 _aNarration and Totality
_c Anthony J. Cascardi
650 0 4 _aNarración-Totalidad
_9155190
773 0 _tPhilosophical Forum (The)
_gvol. 21, nº. 3, 1990, págs. 277-294
_wRev833
942 _cAR
999 _c526350
_d526350